Geography Quiz

Random Geography or World Quiz
Score 0/30 Timer 04:00
5 Plays Today
Rank Country % Correct
1Egypt
92.8%
3Saudi Arabia
85.6%
17Iraq
84.7%
20Iran
84.2%
2Libya
81.1%
29Morocco
80.2%
14Yemen
76.3%
5United Arab Emirates
75.7%
11Oman
75%
7Algeria
73.7%
27Chad
72.2%
12Niger
72.1%
16Tunisia
70.7%
9Jordan
70.1%
23Syria
69.9%
Rank Country % Correct
28Afghanistan
68.6%
4Qatar
68.4%
10Kuwait
66.5%
24Mali
63.7%
25Somalia
60%
21Mongolia
59%
6Bahrain
57.2%
8Mauritania
53.7%
22Kazakhstan
53.4%
13Turkmenistan
52%
15Uzbekistan
50.2%
30Eritrea
50%
18Djibouti
46.6%
26Namibia
36.4%
19Cabo Verde
10.2%
Remove Ads.
Support Sporcle.
Get the best of Sporcle when you Go Orange. This ad-free experience offers more features, more stats, and more fun while also helping to support Sporcle. Thank you for becoming a member.

You're not logged in!

Compare scores with friends on all Sporcle quizzes.
OR
Log In

Sporcle TV

Today on Sporcle TV


Watch our educational content, quiz creation guides, and fun videos on Sporcle TV.

Show Comments

Extras

Top Quizzes Today


Score Distribution

Paid Content

Your Account Isn't Verified!

In order to create a playlist on Sporcle, you need to verify the email address you used during registration. Go to your Sporcle Settings to finish the process.

Report this User

Report this user for behavior that violates our Community Guidelines.

Details: